000 00288nam a22001337a 4500
008 170612b xxu||||| |||| 00| 0 eng d
020 _a0538818182
041 _aeng
080 _a32
100 _a19
101 _aSHP
245 _aCRISIS IN ORGANIZATIONS
_cBARTON, L
942 _2udc
_cBK
999 _c17001
_d17001